000 00836nam a22002777a 4500
001 BR0901889
003 BR-BrBNA
005 20230928102900.0
007 ta
008 230509b bl.||||| |||| 00| 0 por d
040 _aBR-BrBNA
_bpor
_cBiblioteca Nacional de Agricultura
041 _a(Por)
072 _aE14
090 _ E14 BR0901889
110 1 _aSecretaria de Estado da Agricultura, Abastecimento, Aquicultura e Pesca, Vitória, ES (Brasil)
_98792
245 1 _aPlano estratégico de desenvolvimento da agricultura capixaba; novo PEDEAG 2007-2025
260 3 _aVitória, ES (Brasil):
_c2008.
300 _a281 p.
650 _aAGRICULTURA
650 _aPLANEJAMENTO
650 _aDESENVOLVIMENTO
650 _aDIAGNÓSTICO
650 _aDADOS ESTATÍSTICOS
909 _a202309
_bLucia
_c55
_dLucia Elande
942 _cBK
999 _c72827
_d72827